| 000 | 01815nam a2200421 a 4500 | ||
|---|---|---|---|
| 001 | ebr10212081 | ||
| 003 | CaPaEBR | ||
| 006 | m u | ||
| 007 | cr cn||||||||| | ||
| 008 | 070726s2007 enka sb 001 0 eng | ||
| 010 | _z 2007030686 | ||
| 020 | _z9780191550485 | ||
| 020 | _z0199214891 | ||
| 020 | _z9780199214891 | ||
| 040 |
_aCaPaEBR _cCaPaEBR |
||
| 035 | _a(OCoLC)183194343 | ||
| 043 |
_ae-uk--- _an-us--- |
||
| 050 | 1 | 4 |
_aPS371 _b.S86 2007eb |
| 082 | 0 | 4 |
_a813.009 _222 |
| 100 | 1 |
_aSutherland, John, _d1938- |
|
| 245 | 1 | 0 |
_aBestsellers _h[electronic resource] : _ba very short introduction / _cJohn Sutherland. |
| 260 |
_aOxford ; _aNew York : _bOxford University Press, _c2007. |
||
| 300 |
_a127 p. : _bill. |
||
| 490 | 1 |
_aVery short introductions ; _v170 |
|
| 504 | _aIncludes bibliographical references (p. 114-116) and index. | ||
| 505 | 0 | _aDefinitions -- The modern scene -- Fields and lists -- The American bestseller -- The British bestseller -- The future of the bestseller : is there one? | |
| 533 |
_aElectronic reproduction. _bPalo Alto, Calif. : _cebrary, _d2013. _nAvailable via World Wide Web. _nAccess may be limited to ebrary affiliated libraries. |
||
| 650 | 0 |
_aAmerican fiction _xHistory and criticism. |
|
| 650 | 0 |
_aBest sellers _zGreat Britain _xHistory. |
|
| 650 | 0 |
_aBest sellers _zUnited States _xHistory. |
|
| 650 | 0 |
_aEnglish fiction _xHistory and criticism. |
|
| 650 | 0 |
_aPopular literature _zGreat Britain _xHistory and criticism. |
|
| 650 | 0 |
_aPopular literature _zUnited States _xHistory and criticism. |
|
| 655 | 7 |
_aElectronic books. _2local |
|
| 710 | 2 | _aebrary, Inc. | |
| 830 | 0 |
_aVery short introductions ; _v170. |
|
| 856 | 4 | 0 |
_uhttp://site.ebrary.com/lib/rucke/Doc?id=10212081 _zAn electronic book accessible through the World Wide Web; click to view |
| 999 |
_c228400 _d228400 |
||